000 00570nam a22001937a 4500
001 0074
003 DO-SdBNP
005 20180402081357.0
007 0074
008 151214b dr 1986 xxu||||| |||| 00| 0 spa d
040 _aBPMSU
_bspa
_cBPMSU
092 _axxxxxxxxx
_bxxxxxxxxx
245 0 3 _aLa energía vista por los niños /
_cdirección Nidia Serra
260 _aSanto Domingo :
_bCorporación Dominicana de Electricidad,
_c1986.
300 _a94 p. :
_bil.,
_c25 cm.
942 _2ddc
_cBK
945 _aRemanejado para la BNPHU / 2018 VM
956 _aBrenda Tavárez
999 _c9108
_d9108